Color the Taxi - Statistics

General Stats
  • This quiz has been taken 13 times
  • The average score is 4 of 9
Answers on the Map
Answers color-coded by a green-red scale on the quiz's map according to % correct below.
 
Answer Stats
Answer % Correct
sign
82%
tires
73%
tires
73%
windows
64%
body
45%
hubcaps
27%
hubcaps
27%
headlights
18%
stripe
18%
No matching quizzes found
Score Distribution
Percent of People with Each Score
Percentile by Number Answered
Your Score History
You have not taken this quiz